[Event "AUT-ch U16"]
[Site "Sankt Veit an der Glan"]
[Date "2019.04.18"]
[Round "7"]
[White "Maier, Marco"]
[Black "Hochsteiner, Simon"]
[Result "0-1"]
[WhiteElo "1433"]
[BlackElo "1703"]
[PlyCount "76"]
[EventDate "2019.04.14"]
[EventType "swiss"]
[EventRounds "7"]
[EventCountry "AUT"]
[SourceTitle "CBM 190 Extra"]
[Source "ChessBase"]
[SourceDate "2019.07.15"]
[SourceVersion "1"]
[SourceVersionDate "2019.07.15"]
[SourceQuality "1"]

1. e4 e6 2. d4 d5 3. Nc3 dxe4 4. Nxe4 Nd7 5. Nf3 Ngf6 6. Nxf6+ Nxf6 7. c3 Be7 8. Bd3 0-0 9. 0-0 b6 10. Bc2 Bb7 11. Re1 c5 12. Be3 Rc8 13. Qe2 Qc7 14. Rad1 Ng4 15. h3 Bxf3 16. Qxf3 Nxe3 17. fxe3 Rcd8 18. Be4 g6 19. Rf1 Kg7 20. Rfe1 e5 21. Bc6 f5 22. d5 e4 23. Qf2 Bd6 24. Rf1 Qe7 25. g3 Qg5 26. Kg2 h5 27. h4 Qg4 28. c4 g5 29. Rh1 gxh4 30. Rde1 Bxg3 31. Qe2 Bxe1+ 32. Qxg4+ hxg4 33. Rxe1 Kf6 34. Rf1 Kg5 35. Rf4 Rd6 36. b3 Rh8 37. Bb7 h3+ 38. Kh2 g3+ 0-1